[Event "Let's Play Chess!"]
[Site "http://www.queenalice.com/game.php?id=240934"]
[Date "2007.7.17"]
[Round "-"]
[White "Ana_Paula"]
[Black "pawn_buzzard"]
[Result "0-1"]
[WhiteElo "1754"]
[BlackElo "1762"]

1. e4 e5 2. Nf3 Qf6 3. Nc3 d6 4. Nd5 Qd8 5. d4 c6 6. Nc3 Bg4 7. dxe5 Bxf3 8.
Qxf3 dxe5 9. Bc4 Nf6 10. O-O b5 11. Bb3 Bb4 12. Qg3 Rg8 13. Qxe5+ Qe7 14. Qxe7+
Bxe7 15. Bg5 Nbd7 16. Rfd1 h6 17. Bxf6 Bxf6 18. Bxf7+ Kxf7 19. Rxd7+ Kg6 20.
Rad1 Bxc3 21. bxc3 Kh7 22. e5 Rge8 23. f4 Re6 24. Rc7 Rf8 25. Rdd7 Rxf4 26.
Rxg7+ Kh8 27. Rh7+ Kg8 28. Rcg7+ Kf8 29. Rxa7 Kg8 30. Rag7+ Kf8 0-1

[Event "Let's Play Chess!"]
[Site "http://www.queenalice.com/game.php?id=240935"]
[Date "2007.7.17"]
[Round "-"]
[White "backnine"]
[Black "pawn_buzzard"]
[Result "1-0"]
[WhiteElo "1582"]
[BlackElo "1760"]

1. e4 e5 2. Nf3 d6 3. g3 Nf6 4. d3 d5 5. Nxe5 dxe4 6. Bg2 Qd4 7. Nc4 b5 8. Ne3
Bb7 9. O-O h5 10. c3 Qxd3 11. Qxd3 exd3 12. Bxb7 Nfd7 13. Bxa8 c6 14. Re1 Kd8
15. Nf5 g6 16. Nd4 Kc7 17. Bf4+ Bd6 18. Bxd6+ Kxd6 19. Nd2 Ne5 20. Kg2 Nbd7 21.
a4 Rxa8 22. axb5 c5 23. Nc6 a6 24. Nxe5 Nxe5 25. b6 Nc6 26. b7 Ra7 27. Nc4+ Kc7
28. Na5 Nxa5 29. Rxa5 d2 30. Rd1 Rxb7 31. Rxc5+ Kd6 32. b4 Rb5 33. Rxb5 axb5 34.
Rxd2+ Kc6 35. Rd4 f5 36. c4 bxc4 37. Rxc4+ Kb5 38. Rc8 Kxb4 39. Rg8 Kc5 40. Rxg6
Kd5 41. Rh6 Ke5 42. Rxh5 Kf6 43. f3 Kg6 44. Rh8 Kg7 45. Ra8 f4 46. Ra4 fxg3 47.
Kxg3 Kg6 48. Kg4 Kf6 49. Ra6+ 1-0

[Event "FORE!"]
[Site "http://www.queenalice.com/game.php?id=245308"]
[Date "2007.7.25"]
[Round "-"]
[White "backnine"]
[Black "pawn_buzzard"]
[Result "0-1"]
[WhiteElo "1616"]
[BlackElo "1737"]

1. e4 e5 2. Nf3 Nc6 3. d3 d5 4. Nc3 d4 5. Nd5 Bg4 6. b3 f5 7. exf5 Qxd5 8. Bb2
Bb4+ 9. c3 dxc3 10. Ke2 cxb2 11. Rb1 O-O-O 12. h3 Nd4+ 13. Ke3 Nxf5+ 14. Ke2
Bxf3+ 15. gxf3 Nd4+ 16. Ke3 Qc5 17. Rxb2 Nf6 18. Rg1 Nxf3+ 19. Kxf3 e4+ 20. Kg3
Qe5+ 21. Kg2 Qxb2 22. Kh1 Qxf2 23. Rg2 Qh4 24. Rg1 Bc5 25. Rxg7 Rxd3 26. Qe2
Rxh3+ 27. Bxh3+ Qxh3+ 28. Qh2 Qf1+ 29. Rg1 Bxg1 30. Qxg1 Qf3+ 31. Qg2 Rg8 32.
Qxf3 exf3 33. Kh2 f2 0-1

[Event "Challenge"]
[Site "http://www.queenalice.com/game.php?id=245373"]
[Date "2007.7.25"]
[Round "-"]
[White "Joe_Boyd"]
[Black "pawn_buzzard"]
[Result "0-1"]
[WhiteElo "1861"]
[BlackElo "1712"]

1. e4 e5 2. Nf3 Nc6 3. Bc4 Nf6 4. Ng5 d5 5. exd5 Na5 6. b3 Nxc4 7. bxc4 Nxd5 8.
cxd5 Qxg5 9. O-O Bg4 10. f3 Bf5 11. Re1 O-O-O 12. Rxe5 Bc5+ 13. d4 Bxd4+ 14. Kh1
Bxc2 15. Rxg5 Bxd1 16. Nc3 Bxc3 17. Rb1 Rhe8 0-1

[Event "Challenge"]
[Site "http://www.queenalice.com/game.php?id=245374"]
[Date "2007.7.25"]
[Round "-"]
[White "pawn_buzzard"]
[Black "Joe_Boyd"]
[Result "1-0"]
[WhiteElo "1738"]
[BlackElo "1802"]

1. f4 d5 2. Nf3 e6 3. e3 c5 4. Nc3 Nf6 5. a3 Bd6 6. b3 O-O 7. Bb2 a6 8. g3 b5 9.
Bg2 Nbd7 10. O-O Bb7 11. Ne2 Qb6 12. a4 Bc6 13. a5 Qa7 14. d4 Ne4 15. Ne5 Nxe5
16. fxe5 Bc7 17. Bxe4 dxe4 18. c3 Rad8 19. Ba3 b4 20. cxb4 cxb4 21. Bxb4 Rfe8
22. Bc3 Bxe5 23. Qc2 Bf6 24. Bb2 Bb5 25. Rf4 e5 26. Rxe4 exd4 27. Rxe8+ Rxe8 28.
Bxd4 Bxd4 29. Nxd4 Rxe3 30. Qc8+ Re8 31. Qg4 f5 32. Qh4 h6 33. Rd1 Re4 34. Qd8+
Kh7 35. Qb6 Qd7 36. Kf2 Re2+ 37. Kg1 f4 38. Rf1 Rb2 39. Rf2 Rb1+ 40. Kg2 fxg3
41. Kxg3 Rg1+ 42. Rg2 Rxg2+ 43. Kxg2 Qg4+ 44. Kf2 Qf4+ 45. Nf3 Qb4 46. Qe6 Qxa5
47. Qf5+ Kg8 48. Qd5+ Kf8 49. Ne5 Qa2+ 50. Kg3 Qe2 51. Qf7# 1-0

[Event "Mud Match"]
[Site "http://www.queenalice.com/game.php?id=245730"]
[Date "2007.7.25"]
[Round "-"]
[White "backnine"]
[Black "pawn_buzzard"]
[Result "1-0"]
[WhiteElo "1605"]
[BlackElo "1733"]

1. e4 c5 2. Nc3 Nc6 3. Nf3 e5 4. g3 Nf6 5. Bg2 d6 6. d3 Bg4 7. O-O h6 8. b3 Nd7
9. Bb2 Nd4 10. Nd5 Nf6 11. Bxd4 Nxd5 12. Bb2 Bxf3 13. Qxf3 Nf6 14. Qf5 Qa5 15.
c3 Be7 16. d4 g6 17. Qf3 Qc7 18. dxe5 dxe5 19. c4 Rd8 20. Rad1 O-O 21. Qe3 b6
22. Qxh6 Rxd1 23. Rxd1 Ng4 24. Qh3 Qc8 25. Bf3 f5 26. exf5 gxf5 27. Qh5 Qe6 28.
Bd5 Qxd5 29. cxd5 Rf6 30. Qe8+ Bf8 31. d6 1-0

[Event "rock,paper,scissors....and more"]
[Site "http://www.queenalice.com/game.php?id=245893"]
[Date "2007.7.26"]
[Round "-"]
[White "Sidinei"]
[Black "pawn_buzzard"]
[Result "1-0"]
[WhiteElo "2289"]
[BlackElo "1748"]

1. e4 e5 2. Nc3 Bc5 3. Nf3 d6 4. Na4 Bxf2+ 5. Kxf2 Bg4 6. Nc3 c6 7. d4 Bxf3 8.
gxf3 Qf6 9. dxe5 dxe5 10. Rg1 h6 11. Be3 Nd7 12. Qd3 Qh4+ 13. Rg3 Ngf6 14. Rd1
O-O-O 15. Bh3 Nh5 16. Bxd7+ Kb8 17. Qd6+ Ka8 18. Qc5 b6 19. Qxc6+ Kb8 20. Bxb6
Qxh2+ 21. Ke3 1-0

[Event "Let's Play Chess!"]
[Site "http://www.queenalice.com/game.php?id=833226"]
[Date "2010.9.22"]
[Round "-"]
[White "picapal"]
[Black "pawn_buzzard"]
[Result "0-1"]
[WhiteElo "1558"]
[BlackElo "1791"]

1. e4 e5 2. f4 d5 3. d4 exf4 4. exd5 Qh4+ 5. g3 fxg3 6. Nf3 g2+ 7. Nxh4 gxh1=Q
8. Qe2+ Be7 9. Bf4 Nf6 10. d6 cxd6 11. Bxd6 O-O 12. Bxe7 Bg4 13. Qg2 Qxg2 14.
Bxg2 Re8 15. Kd2 Rxe7 16. Nc3 Na6 17. Nf3 Rd8 18. d5 Ne4+ 19. Kc1 Nxc3 20. bxc3
Rxd5 21. Nd4 Rc5 22. Rb1 Re1+ 23. Kb2 Rxb1+ 24. Kxb1 b6 25. Bb7 Nc7 26. Kb2 Be6
27. a3 Nb5 28. Nxe6 fxe6 0-1

[Event "CAMPO"]
[Site "http://www.queenalice.com/game.php?id=840175"]
[Date "2010.10.5"]
[Round "-"]
[White "pawn_buzzard"]
[Black "zemaria"]
[Result "1-0"]
[WhiteElo "1819"]
[BlackElo "1722"]

1. e4 e5 2. Nf3 d6 3. Bc4 h6 4. d4 exd4 5. Bxf7+ Kxf7 6. Qxd4 Nc6 7. Qc3 Ne5 8.
O-O Nc6 9. Be3 Bg4 10. Nbd2 Nf6 11. Qb3+ Be6 12. Qxb7 Bd7 13. Qb3+ Be6 14. Qc3
Qd7 15. h3 Be7 16. a3 Rhe8 17. b4 a6 18. Nc4 Nxe4 19. Qd3 Bf6 20. Rad1 Ng5 21.
Bxg5 hxg5 22. Ne3 Ne5 23. Nxe5+ Bxe5 24. Nc4 1-0

[Event "Let's Play Chess!"]
[Site "http://www.queenalice.com/game.php?id=841790"]
[Date "2010.10.5"]
[Round "-"]
[White "fortunato"]
[Black "pawn_buzzard"]
[Result "1-0"]
[WhiteElo "2128"]
[BlackElo "1798"]

1. e4 c6 2. Nf3 d5 3. exd5 cxd5 4. Be2 Nc6 5. O-O e5 6. d4 e4 7. Ne5 Be6 8. Bb5
Nf6 9. Nxc6 Qb6 10. Nxa7+ Bd7 11. Bxd7+ Nxd7 12. Nc3 Qxa7 13. Nxd5 Bd6 14. c4
Qb8 15. Qg4 O-O 16. Qxd7 Ra6 17. g3 1-0

[Event "Let's Play Chess!"]
[Site "http://www.queenalice.com/game.php?id=841864"]
[Date "2010.10.5"]
[Round "-"]
[White "SoonToBeGM"]
[Black "pawn_buzzard"]
[Result "1-0"]
[WhiteElo "1778"]
[BlackElo "1798"]

1. d4 Nf6 2. c4 e6 3. Nc3 b6 4. e4 Bb4 5. Bd3 Bb7 6. Qe2 Nc6 7. Nf3 h6 8. e5
Bxc3+ 9. bxc3 Ng8 10. g4 Nce7 11. Be4 c6 12. Bf4 Qc7 13. Rb1 O-O-O 14. c5 g5 15.
Bd2 f6 16. exf6 Nxf6 17. Ne5 Rhf8 18. Nc4 Ba6 19. Nd6+ Kb8 20. Qxa6 Ned5 21.
Bxd5 exd5 22. cxb6 1-0

[Event "Challenge"]
[Site "http://www.queenalice.com/game.php?id=844270"]
[Date "2010.10.11"]
[Round "-"]
[White "ORNELAS"]
[Black "pawn_buzzard"]
[Result "0-1"]
[WhiteElo "1665"]
[BlackElo "1809"]

1. b3 Nf6 2. Bb2 g6 3. d4 d6 4. d5 Bg7 5. c4 O-O 6. e4 Nxe4 7. Bxg7 Kxg7 8. Qd4+
Nf6 9. Nd2 Kg8 10. g3 Na6 11. Bg2 Nb4 12. Ngf3 Nc2+ 13. Kf1 Nxd4 14. Nxd4 Bd7
15. N2f3 c5 16. Nc2 e6 17. Bh3 exd5 18. Bxd7 Qxd7 19. Kg2 dxc4 20. bxc4 Qa4 21.
Ne3 Qc6 22. Nd5 Rae8 23. Nxf6+ Kg7 24. Nxe8+ Rxe8 25. Rhe1 Re4 26. Kg1 Rxc4 27.
Nd2 Rc2 28. Ne4 d5 29. Ng5 Qf6 30. Rf1 Qxg5 31. Kg2 Qf6 32. a4 Rxf2+ 33. Rxf2
Qxa1 34. Kh3 Qxa4 35. Rf4 c4 36. Kg4 Qd1+ 37. Kh3 g5 38. Rf5 Kg6 39. Rf2 f5 40.
Kg2 c3 41. h3 c2 42. Rf1 a5 43. Rxd1 cxd1=Q 44. h4 g4 45. Kh2 a4 46. Kg2 Qf3+
47. Kg1 a3 48. h5+ Kg5 49. h6 a2 50. Kh2 Qe2+ 51. Kg1 a1=R# 0-1

[Event "Let's Play Chess!"]
[Site "http://www.queenalice.com/game.php?id=847732"]
[Date "2010.10.19"]
[Round "-"]
[White "pawn_buzzard"]
[Black "REDWOLF"]
[Result "1-0"]
[WhiteElo "1795"]
[BlackElo "1746"]

1. d4 g6 2. e4 Bg7 3. Nf3 Nf6 4. e5 Nd5 5. c4 Nb4 6. Nc3 d6 7. Qa4+ N4c6 8. d5
Bd7 9. dxc6 Bxc6 10. Qb4 Na6 11. Qb3 dxe5 12. Be2 O-O 13. Be3 b6 14. Rd1 Qc8 15.
Nd5 Bxd5 16. cxd5 Rd8 17. Ng5 e6 18. Bxa6 Qxa6 19. dxe6 Qa5+ 20. Bd2 Qd5 21.
exf7+ Kf8 22. Bb4+ c5 23. Rxd5 1-0

[Event "Let's Play Chess!"]
[Site "http://www.queenalice.com/game.php?id=851470"]
[Date "2010.11.1"]
[Round "-"]
[White "aquatico"]
[Black "pawn_buzzard"]
[Result "0-1"]
[WhiteElo "1828"]
[BlackElo "1831"]

1. c3 Nf6 2. e3 e5 3. d4 e4 4. g3 d5 5. a3 Bd6 6. c4 Bg4 7. Be2 Bxe2 8. Qxe2 c6
9. c5 Bc7 10. b4 a5 11. b5 b6 12. cxb6 Bxb6 13. f3 O-O 14. Nc3 c5 15. h4 Nh5 16.
Qg2 cxd4 17. g4 dxc3 18. gxh5 exf3 19. Nxf3 Qf6 20. Rg1 c2 21. Ra2 Qc3+ 22. Kf2
g6 23. Qg5 Qc4 24. h6 f6 25. Qh5 Ra7 26. Rb2 Kf7 27. Qg4 Qxg4 28. Rxg4 Rc7 29.
h5 g5 30. Nd4 Bxd4 31. Rxd4 Ke6 32. Ke2 Nd7 33. Ra4 Nb6 34. Rxa5 Ra8 35. Ra6 Rb8
36. a4 Ke5 37. a5 Na4 38. b6 Rc4 39. Rb3 Nc5 40. Ra7 Nxb3 41. Bb2+ Kf5 42. Rxh7
c1=Q 43. Bxc1 Nxc1+ 44. Ke1 Nd3+ 45. Kd1 Ne5 46. Rg7 Rbc8 47. Rc7 R4xc7 48. bxc7
Rxc7 49. Kd2 Nc4+ 50. Kd3 Nxa5 51. Kd4 Ke6 52. e4 Rh7 53. exd5+ Kd6 54. Ke4 Rxh6
0-1

[Event "Let's Play Chess!"]
[Site "http://www.queenalice.com/game.php?id=852842"]
[Date "2010.11.1"]
[Round "-"]
[White "igorjava"]
[Black "pawn_buzzard"]
[Result "0-1"]
[WhiteElo "1894"]
[BlackElo "1882"]

1. e4 e5 2. f4 exf4 3. Nf3 d5 4. exd5 Qxd5 5. d4 Bd6 6. c4 Bb4+ 7. Nc3 Bxc3+ 8.
bxc3 Qa5 9. Qc2 Bf5 10. Qb2 Be4 11. Bxf4 c5 12. d5 b6 13. O-O-O Nf6 14. Bd6 Nbd7
15. Re1 O-O-O 16. Bf4 Rhe8 17. Nd2 h6 18. Rg1 Bg6 19. Be2 Ne4 20. Nxe4 Rxe4 21.
Bg3 Re3 22. Kd2 Rde8 23. Bf4 R3e4 24. g3 Nf6 25. Bf3 Rd4+ 26. Kc1 Rxe1+ 27. Rxe1
Rxc4 28. Be5 b5 29. Kd1 a6 30. d6 Nd7 31. Bxg7 f6 32. Re8+ Bxe8 33. Bd5 Rxc3 34.
Be6 Rd3+ 0-1

[Event "Challenge"]
[Site "http://www.queenalice.com/game.php?id=862710"]
[Date "2010.11.23"]
[Round "-"]
[White "ORNELAS"]
[Black "pawn_buzzard"]
[Result "0-1"]
[WhiteElo "1602"]
[BlackElo "1867"]

1. b3 e5 2. d3 d5 3. Bb2 Nc6 4. g3 Bc5 5. e3 Nf6 6. Bg2 Bg4 7. Nf3 e4 8. d4 exf3
9. Bxf3 Bb4+ 10. c3 Bxf3 11. Qxf3 Bd6 12. Qf5 Ne7 13. Qg5 O-O 14. Nd2 h6 15. Qh4
Qd7 16. O-O-O Kh7 17. f3 g5 18. Qxg5 hxg5 19. h4 Kg6 20. hxg5 Nfg8 21. f4 Nf5
22. Rh3 Nxe3 23. Re1 Qxh3 24. Rxe3 Bxf4 25. Re1 Bxg5 26. Rd1 Bxd2+ 27. Kxd2 Qxg3
28. Kc1 Nf6 29. Kb1 Rfe8 30. Bc1 Ne4 31. Bb2 Nxc3+ 32. Bxc3 Qxc3 33. Rg1+ Kf6
34. Rf1+ Ke7 35. Rc1 Qxd4 36. Rc2 Kd6 37. a3 Re1+ 38. Rc1 Qd3+ 39. Kb2 Rxc1 40.
Kxc1 Qe2 41. b4 Rh8 0-1

[Event "Challenge"]
[Site "http://www.queenalice.com/game.php?id=865770"]
[Date "2010.11.30"]
[Round "-"]
[White "pawn_buzzard"]
[Black "Nico27"]
[Result "1-0"]
[WhiteElo "1847"]
[BlackElo "1948"]

1. d4 Nf6 2. Nc3 d5 3. Nf3 Bf5 4. Bf4 c6 5. Be5 Nbd7 6. Nh4 Bg6 7. Bxf6 Nxf6 8.
Nxg6 hxg6 9. e3 e6 10. a3 Bd6 11. h3 g5 12. Be2 Qe7 13. g3 e5 14. Qd2 O-O-O 15.
O-O-O Bxa3 16. bxa3 Qxa3+ 17. Kb1 Qb4+ 18. Ka2 Qa5+ 19. Kb1 Qb4+ 20. Ka1 Qa3+
21. Na2 Ne4 22. Qe1 exd4 23. Rxd4 c5 24. Rd3 Qa4 25. Rb3 c4 26. Rb2 c3 27. Rb3
Rh6 28. f3 Nc5 29. Qxc3 Qc6 30. Rb5 b6 31. Qxg7 Na4 32. Bd3 Qf6+ 33. Qxf6 Rxf6
34. f4 gxf4 35. exf4 Nc5 36. Nc3 d4 37. Ne4 Nxe4 38. Bxe4 Re8 39. Re5 Rxe5 40.
fxe5 1-0

[Event "Let's Play Chess!"]
[Site "http://www.queenalice.com/game.php?id=868089"]
[Date "2010.12.5"]
[Round "-"]
[White "michas"]
[Black "pawn_buzzard"]
[Result "0-1"]
[WhiteElo "1777"]
[BlackElo "1885"]

1. g3 d5 2. Bg2 e5 3. Nf3 e4 4. Nd4 Bc5 5. e3 Nf6 6. O-O Ng4 7. h3 Ne5 8. c4 c6
9. Nb3 Qd6 10. Nxc5 Qxc5 11. cxd5 cxd5 12. b3 Nd3 13. Ba3 Qa5 14. Qc2 Nc6 15.
Bb2 O-O 16. Qc3 Qxc3 17. Bxc3 b5 18. a4 b4 19. Bd4 Nxd4 20. exd4 a5 21. f3 f5
22. fxe4 fxe4 23. Rxf8+ Kxf8 24. Ra2 Nc1 25. Rb2 Ne2+ 26. Kh2 Nxd4 27. Bf1 Ba6
28. Bg2 Bd3 29. h4 Rc8 30. Nc3 bxc3 31. Rb1 Bxb1 0-1

[Event "Let's Play Chess!"]
[Site "http://www.queenalice.com/game.php?id=868090"]
[Date "2010.12.5"]
[Round "-"]
[White "pawn_buzzard"]
[Black "michas"]
[Result "1-0"]
[WhiteElo "1872"]
[BlackElo "1790"]

1. e4 g6 2. d4 Bg7 3. e5 e6 4. Nf3 Ne7 5. Bg5 O-O 6. Qd2 b6 7. Qb4 Nbc6 8. Qd2
Bb7 9. Bf6 Qe8 10. Bb5 a6 11. Bd3 Nf5 12. O-O Bh6 13. Qc3 Bg7 14. Be4 Bxf6 15.
exf6 Nd6 16. Qe3 Nf5 17. Bxf5 exf5 18. Qh6 1-0

[Event "Let's Play Chess!"]
[Site "http://www.queenalice.com/game.php?id=869626"]
[Date "2010.12.11"]
[Round "-"]
[White "AFA1961"]
[Black "pawn_buzzard"]
[Result "1-0"]
[WhiteElo "1929"]
[BlackElo "1897"]

1. Nf3 Nf6 2. d4 d5 3. c4 e6 4. Nc3 Bb4 5. e3 Ne4 6. Qc2 c6 7. a3 Bxc3+ 8. bxc3
Nd7 9. Bd3 Ndf6 10. O-O O-O 11. Ne5 Qa5 12. f3 Nd6 13. c5 Nde8 14. Rb1 Qc7 15.
e4 dxe4 16. fxe4 b5 17. a4 a6 18. c4 bxc4 19. Nxc4 Ng4 20. Bf4 Qd7 21. d5 Qa7
22. Nb6 e5 23. Bd2 Rb8 24. h3 Ngf6 25. Bc3 cxd5 26. Bxe5 dxe4 27. Bxe4 Rxb6 28.
cxb6 Qd7 29. Bf5 Qxf5 30. Rxf5 Bxf5 31. Qxf5 1-0